000 00520cam a2200193ua 4500
001 15602
008 160623n II |||gr||||Z||||||eng
040 _aMAIN
041 _aEnglish
082 _a515 GHO
100 _aGHOSH , RAM KRISHANA.
245 _aAN INTRODUCTION TO ANALYSIS : DIFFERENTIAL CALCULUS
260 _aCALCUTTA:
_bNEW CENTRAL BOOK AGENCY,
_c2008.
300 _a903:
_c24CM.
653 _aAnalysis
700 _aGHOSH , RAM KRISHANA.,
_eAuthor.
700 _aMAITY , KANTISH CHANDRA.
942 _cBK
999 _c15487
_d15487